Borders of Saudi Arabia - Languages ​​Update - Statistics

General Stats
  • This quiz has been taken 21 times
  • The average score is 7 of 8
Answer Stats
Km Countries % Correct
1458 Yemen
100%
814 Iraq
95%
676 Oman
95%
60 Qatar
95%
(pont/île) Bahrain
90%
744 Jordan
90%
457 United Arab Emirates
90%
222 Kuwait
85%
No matching quizzes found
Score Distribution
Percent of People with Each Score
Percentile by Number Answered
Your Score History
You have not taken this quiz